Vanishing Roads and Other Essays (Record no. 240930)
[ view plain ]
| 000 -LEADER | |
|---|---|
| fixed length control field | 01510cam a22002413a 4500 |
| 001 - CONTROL NUMBER | |
| control field | 11675 |
| 003 - CONTROL NUMBER IDENTIFIER | |
| control field | PGUSA |
| 005 - DATE AND TIME OF LATEST TRANSACTION | |
| control field | 20140828083239.0 |
| 008 - FIXED-LENGTH DATA ELEMENTS--GENERAL INFORMATION | |
| fixed length control field | 040301s2004||||xxu|||||s|||||000 e eng d |
| 040 ## - CATALOGING SOURCE | |
| Original cataloging agency | PGUSA |
| Language of cataloging | eng |
| 042 ## - AUTHENTICATION CODE | |
| Authentication code | dc |
| 050 #4 - LIBRARY OF CONGRESS CALL NUMBER | |
| Classification number | PR |
| 100 1# - MAIN ENTRY--PERSONAL NAME | |
| Personal name | Le Gallienne, Richard, |
| Dates associated with a name | 1866-1947 |
| 245 10 - TITLE STATEMENT | |
| Title | Vanishing Roads and Other Essays |
| Medium | [electronic resource] / |
| Statement of responsibility, etc | Richard Le Gallienne |
| 260 ## - PUBLICATION, DISTRIBUTION, ETC. (IMPRINT) | |
| Name of publisher, distributor, etc | Project Gutenberg, |
| Date of publication, distribution, etc | 2004 |
| 505 0# - FORMATTED CONTENTS NOTE | |
| Formatted contents note | Vanishing roads -- Woman as a supernatural being -- The lack of imagination among millionaires -- The passing of Mrs. Grundy -- Modern aids to romance -- The last call -- The persecutions of beauty -- The many faces: the one dream -- The snows of yester-year -- The psychology of gossip -- The passing away of the editor -- The spirit of the open -- An old American tow-path -- A modern Saint Francis -- The little ghost in the garden -- The English countryside -- London: changing and unchanging -- The haunted restaurant -- The new Pyramus and Thisbe -- Two wonderful old ladies -- A Christmas meditation -- On re-reading Walter Pater -- The mystery of "Fiona Macleod" -- Forbes-Robertson: an appreciation -- A memory of Frédéric Mistral -- Imperishable fiction -- The man behind the pen -- Bulls in china-shops -- The Bible and the butterfly. |
| 506 ## - RESTRICTIONS ON ACCESS NOTE | |
| Terms governing access | Public domain in the USA. |
| 516 ## - TYPE OF COMPUTER FILE OR DATA NOTE | |
| Type of computer file or data note | Electronic text |
| 653 ## - INDEX TERM--UNCONTROLLED | |
| Uncontrolled term | English essays |
| 830 #0 - SERIES ADDED ENTRY--UNIFORM TITLE | |
| Uniform title | Project Gutenberg |
| Volume number/sequential designation | 11675 |
| 856 40 - ELECTRONIC LOCATION AND ACCESS | |
| Uniform Resource Identifier | <a href="http://www.gutenberg.org/ebooks/11675">http://www.gutenberg.org/ebooks/11675</a> |
| 942 ## - ADDED ENTRY ELEMENTS (KOHA) | |
| Koha item type | eBooks |
| Withdrawn status | Lost status | Damaged status | Home library | Current library | Date acquired | Total Checkouts | Date last seen | Price effective from | Koha item type |
|---|---|---|---|---|---|---|---|---|---|
| Project Gutenberg | Project Gutenberg | 08/28/2014 | 08/28/2014 | 08/28/2014 | eBooks |